000 00652nam a2200229 a 4500
001 BRCA_7398
005 20190320205824.0
008 220313s1943----mx-a######---#000-0#spa-#
041 _aspa
044 _amx
050 4 _aZ270.M4
_b.R66 1943
100 1 _aRomero de Terreros, Manuel
_918254
245 1 0 _aEncuadernaciones artísticas mexicanas
_cManuel Romero de Terreros.
250 _a2
260 _aMéxico
_bDepto. del D.F. Oficina de Bibliotecas
_c1943
300 _a11 p.
_bil., 20 láminas
500 _aQ113
650 1 4 _aEncuadernación
_zMéxico
_918255
650 1 4 _aEncuadernadores
_zMéxico
_918256
902 _aGFM
942 _2lcc
_cB
999 _c7074
_d7074